000
00272nam a22001217a 4500
008
180129b xxu||||| |||| 00| 0 eng d
041
_a
eng
080
_a
616
100
_a
9
101
_a
pat
245
_a
a a textbook of oral pathology
_c
shaper.n.l
942
_2
udc
_c
BK
999
_c
41132
_d
41132